The tale of the turnip / (Record no. 9203)

MARC details
000 -LEADER
fixed length control field 01186nam a22002657a 4500
001 - CONTROL NUMBER
control field 9203
003 - CONTROL NUMBER IDENTIFIER
control field FISKH
005 - DATE AND TIME OF LATEST TRANSACTION
control field 20251201140510.0
008 - FIXED-LENGTH DATA ELEMENTS--GENERAL INFORMATION
fixed length control field 251201b cb ||||| |||| 00| 0 eng d
040 ## - CATALOGING SOURCE
Original cataloging agency FISKH
Language of cataloging eng
Transcribing agency FISKH
Modifying agency FISKH
050 ## - LIBRARY OF CONGRESS CALL NUMBER
Classification number PZ8.H45 T
082 ## - DEWEY DECIMAL CLASSIFICATION NUMBER
Classification number 398.2
100 ## - MAIN ENTRY--PERSONAL NAME
Personal name Hewett, Anita
Relator term Author
245 ## - TITLE STATEMENT
Title The tale of the turnip /
Statement of responsibility, etc. Written by Anita Hewett ; Drawn by Margery Gill
260 ## - PUBLICATION, DISTRIBUTION, ETC.
Place of publication, distribution, etc. New York :
Name of publisher, distributor, etc. Whittlesey House McGraw Book Company Inc. ,
Date of publication, distribution, etc. 1966
300 ## - PHYSICAL DESCRIPTION
Extent 31 pages :
Other physical details color illustrations ;
Dimensions 19 x 26 cm
505 ## - FORMATTED CONTENTS NOTE
Formatted contents note G<br/>
520 ## - SUMMARY, ETC.
Summary, etc. A farmer plants a turnip that grows bigger and bigger until it becomes enormous. When he tries to pull it out, he cannot do it alone. He calls for help, and one by one more people and animals join in—each holding on and pulling together. At last, with everyone working as a team, the giant turnip finally comes out of the ground. The story shows how cooperation can achieve what one person cannot do alone.
521 8# - TARGET AUDIENCE NOTE
Target audience note 400<br/>
Source Lexile estimate<br/>
521 8# - TARGET AUDIENCE NOTE
Target audience note G<br/>
Source Raz-Plus<br/>
650 ## - SUBJECT ADDED ENTRY--TOPICAL TERM
Topical term or geographic name entry element Traditional literature
Form subdivision Children
700 ## - ADDED ENTRY--PERSONAL NAME
Personal name Gill, Margery
Relator term Illustrator
942 ## - ADDED ENTRY ELEMENTS (KOHA)
Source of classification or shelving scheme Dewey Decimal Classification
Koha item type Books
Suppress in OPAC No
Holdings
Withdrawn status Lost status Source of classification or shelving scheme Damaged status Not for loan Collection Home library Current library Shelving location Date acquired Total Checkouts Full call number Barcode Date last seen Copy number Price effective from Koha item type
    Dewey Decimal Classification     Juvenile Fiction Footprints International School Library Network Toul Tom Poung Campus Footprints International School Library Network Toul Tom Poung Campus TTP Primary Dark Blue Bookshelves 12/01/2025   HEW 398.2 PZ8.H45 T 2025-4994 12/01/2025 1 12/01/2025 Books